Markets (Record no. 83008)

MARC details
000 -LEADER
fixed length control field 01209cab a22002055a 4500
001 - CONTROL NUMBER
control field L152584
008 - FIXED-LENGTH DATA ELEMENTS--GENERAL INFORMATION
fixed length control field 110330e20110318xxk 000 0 eng d
035 ## - SYSTEM CONTROL NUMBER
System control number (Sirsi) u152584
041 0# - LANGUAGE CODE
Language code of text/sound track or separate title eng
100 1# - MAIN ENTRY--PERSONAL NAME
Personal name Sandher, Hardeep
245 00 - TITLE STATEMENT
Title Markets
Remainder of title City, City fringe and Docklands
260 ## - PUBLICATION, DISTRIBUTION, ETC.
Date of publication, distribution, etc. 2011
490 #0 - SERIES STATEMENT
Series statement Property Week
Volume/sequential designation 77(11) 18 March 2011, 41-48(6)
520 ## - SUMMARY, ETC.
Summary, etc. Top agents are vying to be advisers to J P Morgan's City consolidation plans. Chinese Estates ponders second London purchase. Developers are moving in on the potential 1m sq ft of offices spreading out from the Old Street's "Silicon Roundabout". Clerkenwell is on its way to regaining the rental zenith of 2007. The City will expand by more than 2.5m sq ft office space by the end of 2014 but until then developers are lining up to take advantage of an all-time low in availability. The London Development Agency will start marketing two regeneration sites, Royals Business Park and Silvertown Quays schemes, in April.
590 ## - LOCAL NOTE (RLIN)
Local note KA
651 #4 - SUBJECT ADDED ENTRY--GEOGRAPHIC NAME
Geographic name London
690 ## - LOCAL SUBJECT ADDED ENTRY--TOPICAL TERM (OCLC, RLIN)
Topical term or geographic name as entry element PROPERTY-COMMERCIAL PROPERTY-COMMERCIAL PROPERTY MARKET
690 ## - LOCAL SUBJECT ADDED ENTRY--TOPICAL TERM (OCLC, RLIN)
Topical term or geographic name as entry element PROPERTY-COMMERCIAL PROPERTY-COMMERCIAL PROPERTY FINANCE AND INVESTMENT
942 ## - ADDED ENTRY ELEMENTS (KOHA)
Suppress in OPAC 0
Holdings
Withdrawn status Lost status Source of classification or shelving scheme Damaged status Not for loan Home library Current library Shelving location Date acquired Total Checkouts Full call number Barcode Date last seen Copy number Price effective from Koha item type
    Dewey Decimal Classification     London London Journal article 30/03/2011   L152584 152584-1001 06/08/2019 1 06/08/2019 Journal article